000 00723nam a2200217 i 4500
001 40407
003 ES-MaACL
005 20251015063052.0
007 t|
008 030306q19001999fr ||||1| fre d
100 1 _aCarnot, Hippolyte,
_d1801-1888
_935386
245 1 3 _aLa Revolution française /
_crésumé historique par Hippolyte Carnot.
250 _aNouvelle edition.
260 _aParis :
_b[s.n.,
_c19--?] (
_fFelix Alcan)
300 _aXV, 359 p. ;
_c18 cm.
490 1 _aBibliothèque historique contemporaine
651 4 _aFrancia-
_xHistoria-
_y1789-1799, Revolución
_9241176
830 0 _aBibliothèque historique contemporaine
_9229745
852 _aES-MaACL
_jG-7211
999 _c40407
_d40407